00761nam a2200193 i 450000100060000000300090000600500170001500700030003200800410003510000350007624501470011126000400025830000300029870000300032870000380035885200320039699900170042895201220044521345ES-MaACL20251001145425.0t|021125s1968 sp ||||1| spa d1 aAlberdi Alonso, Javier.91927610aActitud religiosa del universitario español b: encuesta FECUM 1967 / cJavier Alberdi Alonso, Juan Luis Pintos ; prólogo de Sixto Ríos. aMadrid : bRazón y Fé, c[1968] a205 p. : bil. ; c22 cm.1 aPintos, Juan-Luis.9922401 aRíos, Sixto, d1913-2008997375 aES-MaACLjC-34382 bR.65405 c21345d21345 00104070aATENEOMbATENEOMcDEPO2d2008-01-17eSCl0oC-34382p1021931r2023-02-23 00:00:00w2023-02-23yMONOGRAFIA